LEADER 01390nam a2200301 a 4500 001 000000139349 003 CaOOAMICUS 005 20140722105039.0 008 140722s2004 hu u000 u eng r 020 $z9637326014* 040 $aPUL$bita 082 04$a192 245 00$aExploring the world of human practice :$breadings in and about the philosophy of Aurel Kolnai /$cedited by Zoltán Balázs and Francis Dunlop. 260 $aBudapest, New York :$bCentral European University Press,$c©2004. 300 $ax, 343 p. ;$c23 cm 504 $aBibliografia in nota. 600 14$aKolnai, Aurel.$0(OLS)http://pul/subject/40662 650 4$aFilosofia$xGran Bretagna$ySec. XX.$0(OLS)http://pul/subject/37216 700 1 $aDunlop, Francis.$0(OLS)http://pul/name/64393 700 1 $aBalázs, Zoltán.$0(OLS)http://pul/name/89870 850 $aPUL 852 $aPUL$W1$xSL Filosofia 3$y81$m192 BALZO 1$j160958$qDDC 21$B160399$CPULBib$Z2$F160399 $H124465 $82 941 1 $a9 996 $6020$z9637326014*$9(OLS)http://pul/number/155799 996 $6082$a192$9(OLS)http://pul/classification/525 996 $6245$aExploring the world of human practice :$breadings in and about the philosophy of Aurel Kolnai$9(OLS)http://pul/title/176411 996 $6260$aBudapest, New York :$bCentral European University Press$9(OLS)http://pul/publisher/82809 LEADER 00888nam a2200241 a 4500 001 000000169278 003 CaOOAMICUS 005 20180920111048.0 008 180920s1985 it 000 u ita r 032 $aLibriCat 040 $aPul$bita 100 1 $aLuzi, Mario,$d1914-2005.$0(OLS)http://pul/name/44150 245 10$aPer il battesimo dei nostri frammenti / $cMario Luzi . 260 $aMilano :$bGarzanti,$c©1985. 300 $a213 p. ; $c22 cm. 490 1 $aPoesie 830 0$aPoesie (Garzanti).$0(OLS)http://pul/title/209821 850 $aPUL 852 $aPUL$W1$xDP1 Fondo Dalla Palma$y117$m9 G 52$j97713$qFondi$B197258$CPULBib$Z2$F197258 $HDal989 $81 941 1 $a1 996 $6245$aPer il battesimo dei nostri frammenti / $9(OLS)http://pul/title/209862 996 $6260$aMilano :$bGarzanti$9(OLS)http://pul/publisher/49146